Pengaruh sikap dan motivasi dalam penggunaan kamus di kalangan pelajar-pelajar sekolah menengah /
Saved in:
| Main Author: | |
|---|---|
| Format: | Thesis Book |
| Language: | Malay |
| Published: |
2003.
|
| Subjects: | |
| Tags: |
Add Tag
No Tags, Be the first to tag this record!
|
| LEADER | 01211cam a2200277 a 4500 | ||
|---|---|---|---|
| 001 | u697549 | ||
| 003 | SIRSI | ||
| 008 | 040804s2003 my t 00 may m | ||
| 035 | |a ADC-1324 | ||
| 040 | |a UMM |d UMB | ||
| 090 | |a PB12 |b UM 2003 Abdrmh | ||
| 093 | |a PB12 |b UM 2003 Abdrmh | ||
| 100 | 0 | 0 | |a Abdul Rahim Mat Hussin. |
| 245 | 1 | 0 | |a Pengaruh sikap dan motivasi dalam penggunaan kamus di kalangan pelajar-pelajar sekolah menengah / |c Abdul Rahim bin Hussin. |
| 260 | |c 2003. | ||
| 300 | |a xii, [142] leaves : |b ill. ; |c 30 cm. | ||
| 502 | |a Dissertation (M.M.L.S.) -- Fakulti Bahasa dan Linguistik, Universiti Malaya, 2003. | ||
| 504 | |a Bibliography: leaves 117-122 | ||
| 650 | 0 | |a Encyclopedias and dictionaries |x Use studies | |
| 650 | 0 | |a Students |z Malaysia |x Attitudes. | |
| 710 | 2 | 0 | |a Universiti Malaya. |b Fakulti Bahasa dan Linguistik. |
| 856 | |f IARC:A511948011 |z Click Here for Abstract and Table of Contents | ||
| 948 | |a 04/08/2004 |b 04/08/2004 | ||
| 596 | |a 1 6 | ||
| 999 | |a PB12 UM 2003 ABDRMH |w LC |c 1 |i A511141114 |d 22/3/2018 |e 22/3/2018 |f 1/4/2005 |g 1 |l STACKS |m P01UTAMA |n 15 |r Y |s Y |t TESIS |u 18/3/2005 | ||
| 999 | |a PB12 UM 2003 ABDRMH |w LC |c 1 |i A511744651 |d 20/4/2005 |f 20/4/2005 |g 1 |l STACKS |m P06BAHASA |r Y |s Y |t TESIS |u 20/4/2005 | ||
